|
|
|
|
| LEADER |
00000nam0a2200000 4500 |
| 001 |
233945 |
| 005 |
20231101231300.0 |
| 035 |
|
|
|a (RuTPU)RU\TPU\book\255029
|
| 090 |
|
|
|a 233945
|
| 100 |
|
|
|a 20130314d1972 m y0rusy50 ca
|
| 101 |
0 |
|
|a rus
|
| 102 |
|
|
|a RU
|
| 105 |
|
|
|a a j 001zy
|
| 200 |
1 |
|
|a Оборудование и химическая технология красильно-отделочного производства ( шерстяная промышленность)
|e учебное пособие
|f М. А. Прупис, Н. И. Садовский
|
| 210 |
|
|
|a Москва
|c Легкая индустрия
|d 1972
|
| 215 |
|
|
|a 368 с.
|c ил.
|
| 225 |
1 |
|
|a Учебники для рабочих массовых профессий
|
| 320 |
|
|
|a Библиогр.: с. 362.
|
| 606 |
1 |
|
|a Красители
|x Применение
|2 stltpush
|3 (RuTPU)RU\TPU\subj\34927
|9 56749
|
| 610 |
1 |
|
|a красильное производство
|
| 610 |
1 |
|
|a химическая технология
|
| 610 |
1 |
|
|a оборудование
|
| 610 |
1 |
|
|a шерстяная промышленность
|
| 610 |
1 |
|
|a волокна
|
| 610 |
1 |
|
|a крашение
|
| 610 |
1 |
|
|a карбонизация
|
| 610 |
1 |
|
|a пряжа
|
| 610 |
1 |
|
|a опаливание
|
| 610 |
1 |
|
|a заварка
|
| 610 |
1 |
|
|a валка
|
| 610 |
1 |
|
|a промывка
|
| 610 |
1 |
|
|a жгут
|
| 610 |
1 |
|
|a влага
|
| 610 |
1 |
|
|a удаление
|
| 610 |
1 |
|
|a ворсование
|
| 610 |
1 |
|
|a сушка
|
| 610 |
1 |
|
|a стрижка
|
| 610 |
1 |
|
|a чистка
|
| 610 |
1 |
|
|a ратинирование
|
| 610 |
1 |
|
|a прессование
|
| 610 |
1 |
|
|a декатировка
|
| 610 |
1 |
|
|a оценка качества
|
| 610 |
1 |
|
|a измерение
|
| 610 |
1 |
|
|a маркировка
|
| 610 |
1 |
|
|a учебные пособия
|
| 675 |
|
|
|a 667.2(075.32)
|v 3
|
| 700 |
|
1 |
|a Прупис
|b М. А.
|g Моисей Абрамович
|
| 701 |
|
1 |
|a Садовский
|b Н. И.
|g Николай Иванович
|
| 801 |
|
1 |
|a RU
|b 63413507
|c 20130314
|
| 801 |
|
2 |
|a RU
|b 63413507
|c 20160614
|g RCR
|
| 942 |
|
|
|c BK
|